|
|
|
|
| LEADER |
00000nam a2200000 4500 |
| 001 |
vtls001359248 |
| 003 |
SK-MaSNL |
| 005 |
20260301115020.0 |
| 008 |
251117s1842 hu f 00101 slo |
| 015 |
|
|
|a SNBHFA
|
| 035 |
|
|
|a SNK000312782
|
| 040 |
|
|
|a SNK
|b slo
|c SNK
|e rda
|
| 041 |
0 |
|
|a slo
|
| 044 |
|
|
|a hu
|c HU
|
| 072 |
|
7 |
|a 783
|x Cirkevná hudba. Duchovná hudba. Náboženská hudba
|2 konspekt
|
| 080 |
|
|
|a 783.2
|2 2011
|
| 080 |
|
|
|a (0:82-192)
|2 2011
|
| 100 |
1 |
|
|a Hollý, Ján,
|d 1785-1849
|4 aut
|9 16461
|
| 245 |
1 |
0 |
|a Katolíckí spewňík obsahugící pesňe na wšecki wíročné slawnosťi a swátki, gako též pesňe o swatích božích, a w rozľičních časoch a potrebách
|c od Gana Hollého
|
| 264 |
|
1 |
|a W Budíňe
|b Widaní od Spolku Milowňíkow Reči a Literaturi Slowenskég
|c 1842
|
| 264 |
|
3 |
|a W Budíňe
|b Literami Král. Uher. Univers. Ťiskárňe
|c 1842
|
| 300 |
|
|
|a 232 strán
|c 22 cm
|
| 336 |
|
|
|a text
|b txt
|2 rdacontent
|
| 337 |
|
|
|a bez média
|b n
|2 rdamedia
|
| 338 |
|
|
|a zväzok
|b nc
|2 rdacarrier
|
| 500 |
|
|
|a Linky, typografické ozdoby
|
| 546 |
|
|
|a Bernolákovčina
|b Antikva
|
| 563 |
|
|
|a Väzba: pôvodná, lepenková, chrbát a rohy čierne plátno.
|5 SNK SC 59
|
| 563 |
|
|
|a Väzba: previazaná, celoplátená.
|5 SNK SC 59 D3
|
| 650 |
0 |
7 |
|a katolícke piesne
|2 SNKPH
|9 66478
|
| 655 |
|
7 |
|a spevníky
|2 SNKPH
|9 70506
|
| 710 |
2 |
|
|a Kráľovská univerzitná tlačiareň (Budapešť, Maďarsko)
|4 prt
|9 265812
|
| 710 |
2 |
|
|a Spolok milovníkov reči a literatúry slovenskej (Budapesť, Maďarsko)
|4 pbl
|9 459333
|
| 752 |
|
|
|a Maďarsko
|d Budapešť
|
| 852 |
|
|
|a snk
|p SC 59 ; SC 59 D3
|
| 958 |
|
|
|a ONDV
|
| 958 |
|
|
|a DF
|
| 999 |
|
|
|c 720642
|d 722572
|
| 952 |
|
|
|a SNK
|b SNK
|y PREZ
|7 0
|p 17A0188413
|o snkSC 59 D3
|i snkI. 397/46
|z Rok: 1842
|0 0
|1 0
|4 0
|d 1999-03-31
|l 0
|r 2005-01-02 00:00:00
|w 2026-02-23
|
| 952 |
|
|
|a SNK
|b SNK
|y PREZ
|7 0
|p 17A0346310
|o snkSC 59
|i snk362/27
|0 0
|1 0
|4 0
|d 2002-06-19
|l 0
|r 2025-05-27 00:00:00
|w 2026-02-23
|
| 952 |
|
|
|a SNKLM
|b SNKLM
|y NEVYP
|7 0
|o snklmMK 5526
|8 3
|0 0
|1 0
|4 0
|d 2006-10-17
|l 0
|r 2026-02-23 21:58:34
|w 2026-02-23
|
| 952 |
|
|
|a SNKLM
|b SNKLM
|y NEVYP
|7 0
|o snklmMK 4077
|8 3
|0 0
|1 0
|4 0
|d 2006-06-15
|l 0
|r 2026-02-23 21:58:34
|w 2026-02-23
|